000 00665nam a2200241 i 4500
001 bg
100 1 _aALEXANDER, L. G.
_d(1932- ).
245 1 0 _aLongman advanced grammar :
_breference and practice /
_cL. G. Alexander.
260 _aHarlow :
_bLongman,
_c1994.
300 _a304 s. :
_bfot., rys. ;
_c25 cm.
490 1 _a(Longman Advanced Grammar)
504 _aIndeks.
650 9 _aJęzyk angielski
_xgramatyka
655 _aPodręczniki
830 _a(Longman Advanced Grammar)
020 _a0582079780
040 _cBPK
041 0 _aen
080 _a802.0-5
920 _a0-582-07978-0
942 _cKS
008 s pl f |000 0 pol
999 _c30209
_d30209
856 _uhttp://koha.tu.koszalin.pl/cgi-bin/koha/opac-detail.pl?biblionumber=30209
_yKatalog online BPK